Concepts of physical fitness, with laboratories / (Record no. 13503)
[ view plain ]
| 000 -LEADER | |
|---|---|
| fixed length control field | 00541cam a2200193 a 4500 |
| 020 ## - INTERNATIONAL STANDARD BOOK NUMBER | |
| ISBN | 0697258904 |
| 040 ## - CATALOGING SOURCE | |
| Transcribing agency | DLC |
| 082 00 - DEWEY DECIMAL CLASSIFICATION NUMBER | |
| Classification number | 613 BRO 1997 A046 Or. |
| 100 1# - MAIN ENTRY--AUTHOR NAME | |
| Personal name | Corbin, Charles B. |
| 245 10 - TITLE STATEMENT | |
| Title | Concepts of physical fitness, with laboratories / |
| 250 ## - EDITION STATEMENT | |
| Edition statement | 9th ed. |
| 260 ## - PUBLICATION, DISTRIBUTION, ETC. (IMPRINT) | |
| Place of publication | Madison, Wis. : |
| Name of publisher | Brown & Benchmark Publishers, |
| Year of publication | c1997. |
| 300 ## - PHYSICAL DESCRIPTION | |
| Number of Pages | 1 v. (various pagings) : |
| Other physical details | col. ill. ; |
| Dimensions | 28 cm. |
| 650 #0 - SUBJECT ADDED ENTRY--TOPICAL TERM | |
| Topical Term | Exercise. |
| 650 #0 - SUBJECT ADDED ENTRY--TOPICAL TERM | |
| Topical Term | Physical fitness. |
| 650 #0 - SUBJECT ADDED ENTRY--TOPICAL TERM | |
| Topical Term | Physical fitness |
| 700 1# - ADDED ENTRY--PERSONAL NAME | |
| Personal name | Lindsey, Ruth, |
| 942 ## - ADDED ENTRY ELEMENTS (KOHA) | |
| Koha item type | សៀវភៅភាសាអង់គ្លេស |
| 952 ## - LOCATION AND ITEM INFORMATION (KOHA) | |
| Withdrawn status [LOCAL, KOHA] | 0 |
| Permanent Location | Date acquired | Koha item type | Lost status | Shelving location | Barcode | Current Location | Full call number |
|---|---|---|---|---|---|---|---|
| Library Block A | 2017-08-26 | សៀវភៅភាសាអង់គ្លេស | A037 | A19033 | Library Block A | 613 BRO 1997 A037 Or. |